Govt. of
Madhya Pradesh

Normal view MARC view

Entry Personal Name

Number of records used in: 3

001 - CONTROL NUMBER

  • control field: 39358

003 - CONTROL NUMBER IDENTIFIER

  • control field: OSt

005 - DATE AND TIME OF LATEST TRANSACTION

  • control field: 20160221115450.0

008 - FIXED-LENGTH DATA ELEMENTS

  • fixed length control field: 160221|| aca||aabn | a|a d

040 ## - CATALOGING SOURCE

  • Original cataloging agency: OSt
  • Transcribing agency: OSt

100 ## - HEADING--PERSONAL NAME

  • Personal name: चतुर्वेदी श्रीनारायण

670 ## - SOURCE DATA FOUND

  • Source citation: Work cat.: (OSt)23955: चतुर्वेदी श्रीनारायण, ग्राम्‍य शिक्षा का इतिहास